Katherine Mansfield's selected stories : (Record no. 2186)

MARC details
000 -LEADER
fixed length control field 01011nam a2200241 a 4500
003 - CONTROL NUMBER IDENTIFIER
control field BD-DhJNU
005 - DATE AND TIME OF LATEST TRANSACTION
control field 20251008055136.0
008 - FIXED-LENGTH DATA ELEMENTS--GENERAL INFORMATION
fixed length control field 050630s2006 nyu b 000 1 eng
020 ## - INTERNATIONAL STANDARD BOOK NUMBER
International Standard Book Number 0393925331
040 ## - CATALOGING SOURCE
Original cataloging agency BD-DhJNU
Language of cataloging ENG
Transcribing agency BD-DhJNU
Modifying agency BD-DhJNU
082 00 - DEWEY DECIMAL CLASSIFICATION NUMBER
Classification number 823.912 KAT
Edition number 23.
245 10 - TITLE STATEMENT
Title Katherine Mansfield's selected stories :
Remainder of title the texts of the stories, Katherine Mansfield--from her letters, criticism /
Statement of responsibility, etc. selected and edited by Vincent O'Sullivan.
260 ## - PUBLICATION, DISTRIBUTION, ETC.
Place of publication, distribution, etc. New York :
Name of publisher, distributor, etc. W.W. Norton,
Date of publication, distribution, etc. c2006.
300 ## - PHYSICAL DESCRIPTION
Extent x, 430 p. ;
Dimensions 22 cm.
504 ## - BIBLIOGRAPHY, ETC. NOTE
Bibliography, etc. note Includes bibliographical references (p. 429-430).
600 10 - SUBJECT ADDED ENTRY--PERSONAL NAME
Personal name Mansfield, Katherine,
Dates associated with a name 1888-1923
Form subdivision Correspondence.
650 #0 - SUBJECT ADDED ENTRY--TOPICAL TERM
Topical term or geographic name entry element Authors, New Zealand
Chronological subdivision 20th century
Form subdivision Correspondence.
651 #0 - SUBJECT ADDED ENTRY--GEOGRAPHIC NAME
Geographic name New Zealand
General subdivision Social life and customs
-- Fiction.
651 #0 - SUBJECT ADDED ENTRY--GEOGRAPHIC NAME
Geographic name Europe
General subdivision Social life and customs
-- Fiction.
655 #7 - INDEX TERM--GENRE/FORM
Genre/form data or focus term Personal correspondence.
Source of term lcgft
Authority record control number or standard number https://id.loc.gov/authorities/genreForms/gf2014026141
700 1# - ADDED ENTRY--PERSONAL NAME
Personal name O'Sullivan, Vincent.
942 ## - ADDED ENTRY ELEMENTS (KOHA)
Koha item type Books
Holdings
Withdrawn status Lost status Source of classification or shelving scheme Damaged status Not for loan Collection Home library Current library Shelving location Date acquired Source of acquisition Total checkouts Full call number Barcode Date last seen Copy number Price effective from Koha item type
    Dewey Decimal Classification     Non-fiction Jagannath University Central Library Jagannath University Central Library General stacks 10/08/2025 Purchased   823.912 KAT JNUCL36304 10/08/2025 1 10/08/2025 Books